<?xml version="1.0" encoding="UTF-8"?>
<record
    xmlns:xsi="http://www.w3.org/2001/XMLSchema-instance"
    xsi:schemaLocation="http://www.loc.gov/MARC21/slim http://www.loc.gov/standards/marcxml/schema/MARC21slim.xsd"
    xmlns="http://www.loc.gov/MARC21/slim">

  <leader>01258nab a22002657a 4500</leader>
  <datafield tag="999" ind1=" " ind2=" ">
    <subfield code="c">5554</subfield>
    <subfield code="d">5554</subfield>
  </datafield>
  <controlfield tag="003">OSt</controlfield>
  <controlfield tag="005">20251218075957.0</controlfield>
  <controlfield tag="008">190429b        xxu||||| |||| 00| 0 spa d</controlfield>
  <datafield tag="040" ind1=" " ind2=" ">
    <subfield code="c">PJ</subfield>
  </datafield>
  <datafield tag="100" ind1=" " ind2=" ">
    <subfield code="9">6280</subfield>
    <subfield code="a">Palma, Mariano</subfield>
  </datafield>
  <datafield tag="245" ind1="1" ind2="0">
    <subfield code="a">Proyectiles expansivos  &#xBF;su utilizaci&#xF3;n representa un  exceso en la leg&#xED;tima defensa? /</subfield>
    <subfield code="c">Mariano Palma.</subfield>
  </datafield>
  <datafield tag="260" ind1=" " ind2=" ">
    <subfield code="c">Ciudad Aut&#xF3;noma de Buenos Aires :</subfield>
    <subfield code="a">Thomson Reuters La Ley, </subfield>
    <subfield code="b">2025.</subfield>
  </datafield>
  <datafield tag="300" ind1=" " ind2=" ">
    <subfield code="a">p. 37-42</subfield>
  </datafield>
  <datafield tag="500" ind1=" " ind2=" ">
    <subfield code="a">Cita: TR LALEY AR/DOC/401/2025</subfield>
  </datafield>
  <datafield tag="505" ind1=" " ind2=" ">
    <subfield code="a">Sumario: I. Introducci&#xF3;n.&#x2014; II. &#xBF;Qu&#xE9; establece la reglamentaci&#xF3;n al respecto?&#x2014; III. El principio de seguridad.&#x2014; IV. Leg&#xED;tima defensa.&#x2014; V. &#xBF;Existe un exceso en la leg&#xED;tima defensa?&#x2014; VI. Conclusi&#xF3;n.</subfield>
  </datafield>
  <datafield tag="505" ind1=" " ind2=" ">
    <subfield code="t">Si te interesa el texto completo, solicitalo a koha@justierradelfuego.gov.ar </subfield>
  </datafield>
  <datafield tag="650" ind1=" " ind2="0">
    <subfield code="9">343</subfield>
    <subfield code="a">DERECHO PENAL</subfield>
  </datafield>
  <datafield tag="650" ind1=" " ind2="0">
    <subfield code="9">2793</subfield>
    <subfield code="a">LEG&#xCD;TIMA DEFENSA</subfield>
  </datafield>
  <datafield tag="650" ind1=" " ind2="0">
    <subfield code="9">4805</subfield>
    <subfield code="a">EXCESO EN LA LEGITIMA DEFENSA</subfield>
  </datafield>
  <datafield tag="650" ind1=" " ind2="0">
    <subfield code="9">2794</subfield>
    <subfield code="a">ARMA DE FUEGO</subfield>
  </datafield>
  <datafield tag="650" ind1=" " ind2="0">
    <subfield code="9">4885</subfield>
    <subfield code="a">DERECHOS DE LA V&#xCD;CTIMA</subfield>
  </datafield>
  <datafield tag="650" ind1=" " ind2="0">
    <subfield code="9">1215</subfield>
    <subfield code="a">RESPONSABILIDAD DEL ESTADO</subfield>
  </datafield>
  <datafield tag="773" ind1="0" ind2=" ">
    <subfield code="0">2658</subfield>
    <subfield code="9">3164</subfield>
    <subfield code="t">Revista de derecho penal y criminolog&#xED;a. N&#xBA; 3 - Abril 2025</subfield>
    <subfield code="d">Ciudad Aut&#xF3;noma de Buenos Aires : Thomson Reuters La Ley, 2017-</subfield>
    <subfield code="x">00347914</subfield>
  </datafield>
  <datafield tag="942" ind1=" " ind2=" ">
    <subfield code="2">udc</subfield>
    <subfield code="c">ANA</subfield>
  </datafield>
</record>
